Guess the Taylor Swift Song by the Lyrics #8 - Statistics

General Stats
  • This quiz has been taken 56 times
  • The average score is 175 of 275
Answer Stats
LYRICS % Correct
a
100%
I
100%
(I
100%
love
98%
Love
98%
the
94%
you
94%
You
94%
in
88%
we
88%
We
88%
(We
88%
and
86%
And
86%
is
86%
me
86%
to
86%
it
84%
your
82%
are
80%
of
80%
go
78%
my
78%
were
78%
Be
76%
I'm
73%
like
73%
this
73%
This
73%
But
71%
(But
71%
know
71%
So
71%
(So
71%
You're
71%
all
69%
don't
65%
never
61%
never)
61%
our
61%
time
61%
I'll
59%
(I'll
59%
just
59%
Just
59%
good
57%
Up
55%
with
55%
Saw
51%
Now
47%
right
47%
game
45%
same
45%
grace
43%
live
43%
room
43%
somethin'
43%
state
43%
let
41%
lights
41%
loved
41%
or
41%
play
41%
touch
41%
comin'
39%
fall
39%
hands
39%
These
39%
through
39%
blue
37%
come
37%
eyes
37%
hearts
37%
hearts)
37%
alone
35%
fight
35%
age
33%
bleeds
33%
broken
33%
golden
33%
real
33%
ruthless
33%
streets
33%
walkin'
33%
Busy
31%
busy
31%
changing
31%
fast
31%
fate
31%
fire
31%
four
31%
heel
31%
lives
31%
til
31%
traffic
31%
Unless
31%
wild
31%
wild)
31%
wrong
31%
wrong)
31%
Achilles
29%
around
29%
clean
29%
fades
29%
hurts
29%
learn
29%
minds
29%
pain
29%
Pierce
29%
saint
29%
shades
29%
worthwhile
29%
armor
27%
falls
27%
mosaic
27%
signs
27%
slates
27%
twin
27%
cannonball
24%
brave
22%
oh-oh-oh
2%
No matching quizzes found
Score Distribution
Percent of People with Each Score
Percentile by Number Answered
Your Score History
You have not taken this quiz